00924nam a2200241 i 450000100060000000300090000600500170001500700030003200800410003502000180007610000340009424501700012826000410029830000210033949000610036065000280042165100380044965100490048770000400053670000210057683000610059785200240065892926ES-MaACL20250816063133.0t|050331s1982 sp ||||1| spa d a84-85202-31-71 aLivio, Tito,d59 a.C.-17 d.C.14aLas décadas / cde Tito Livio ; [versión de] Pedro López de Ayala ; edición crítica de los libros I a III, con introducción y notas por Curt J. Wittlin. aBarcelona : bPuvill Libros, c1982. a2 v., ; c22 cm.1 aBiblioteca universitaria Puvill. Textos literarios ; v604aLengua latina-vTextos. 4aRoma-xHistoria-yHasta 510 a. C. 4aRoma-xHistoria-y510-265 a.C., República.1 aLópez de Ayala, Pedro,d1332-14071 aWittlin, Curt J.1 aBiblioteca universitaria Puvill. Textos literarios ; v6 aES-MaACLjL-4270-71